Μεταποιητική βιομηχανία

Αποθηκεύτηκε σε:
Λεπτομέρειες βιβλιογραφικής εγγραφής
Συγγραφή απο Οργανισμό/Αρχή: Κέντρο Προγραμματισμού και Οικονομικών Ερευνών
Μορφή: Βιβλίο
Γλώσσα:Greek
Δημοσίευση: Αθήνα : Κέντρο Προγραμματισμού και Οικονομικών Ερευνών, 1989
Σειρά:Εκθέσεις για το πρόγραμμα 1988-1992 ; ; 9
Θέματα:
Ετικέτες: Προσθήκη ετικέτας
Δεν υπάρχουν, Καταχωρήστε ετικέτα πρώτοι!

MARC

LEADER 00000cam a2200000 i 4500
001 1/98282
008 950309s1989 gre d
035 |l 10010877 
040 |a GR-MY-UA  |b gre  |e aacr 
041 0 |a gre 
082 0 |a 338.4 
245 1 0 |a Μεταποιητική βιομηχανία 
260 |a Αθήνα :   |b Κέντρο Προγραμματισμού και Οικονομικών Ερευνών,   |c 1989 
300 |a 157 σελ 
490 1 |a Εκθέσεις για το πρόγραμμα 1988-1992. Μεταποιητική βιομηχανία  |v ; 9 
650 0 0 |a Manufacturing processes. 
650 0 0 |a Manufacturing processes  |z Greece. 
710 2 |a Κέντρο Προγραμματισμού και Οικονομικών Ερευνών. 
830 0 |a Εκθέσεις για το πρόγραμμα 1988-1992 ;  |v ; 9 
852 |a INST  |b CHIOS  |e 20021209  |h 338.4 ΚΕΝ  |p 005200013545  |q 005200013545  |t BK  |y 0 
852 |a INST  |b CHIOS  |e 19991104  |h 338.4 ΚΕΝ  |p 005200019622  |q 005200019622  |t BK  |y 0 
852 |a INST  |b LESVOS  |e 19950309  |h 338.4 ΚΕΝ  |p 005100002508  |q 005100002508  |t BK  |y 0 
901 |a BIBL2-2002-3 
909 |a Λ  |b 016802 
909 |a Χ  |b 055940 
909 |a Χ  |b 102665 
922 |a 1ΔΩΡ  |b 199004  |c ΚΕΠΕ